[Event "5eme Open International de La Fere"]
[Site "La Fere (FRA)"]
[Date "2006.07.12"]
[Round "6.3"]
[White "Gozzoli, Yannick"]
[Black "Riff, Jean-Noel"]
[Result "1/2-1/2"]
[WhiteElo "2470"]
[BlackElo "2444"]
[PlyCount "44"]
[EventDate "2006.07.12"]

1. d4 Nf6 2. c4 g6 3. Nc3 Bg7 4. e4 d6 5. Be2 O-O 6. Nf3 e5 7. O-O Nc6 8. d5
Ne7 9. b4 Nh5 10. Re1 f5 11. Ng5 Nf6 12. Bf3 c6 13. b5 h6 14. Ne6 Bxe6 15. dxe6
fxe4 16. Nxe4 Nxe4 17. Bxe4 d5 18. cxd5 cxd5 19. Ba3 dxe4 20. Qxd8 Rfxd8 21.
Bxe7 Re8 22. Bc5 Rxe6 1/2-1/2

[Event "5eme Open International de La Fere"]
[Site "La Fere (FRA)"]
[Date "2006.07.12"]
[Round "6.4"]
[White "Grigorov, Grigor"]
[Black "Bagaturov, Giorgi"]
[Result "1/2-1/2"]
[WhiteElo "2425"]
[BlackElo "2461"]
[PlyCount "23"]
[EventDate "2006.07.12"]

1. d4 e6 2. c4 Bb4+ 3. Nc3 Bxc3+ 4. bxc3 f5 5. e4 fxe4 6. Qg4 Nf6 7. Qxg7 Rg8
8. Qh6 Rg6 9. Qh4 Rg4 10. Qh6 Rg6 11. Qh4 Rg4 12. Qh6 1/2-1/2

[Event "5eme Open International de La Fere"]
[Site "La Fere (FRA)"]
[Date "2006.07.12"]
[Round "6.5"]
[White "Maupin, Valerie"]
[Black "Tirard, Hugo"]
[Result "0-1"]
[WhiteElo "2007"]
[BlackElo "2453"]
[PlyCount "80"]
[EventDate "2006.07.12"]

1. d4 Nf6 2. c4 c5 3. d5 b5 4. cxb5 a6 5. bxa6 g6 6. Nc3 Bxa6 7. g3 d6 8. Bg2
Bg7 9. Nf3 Nbd7 10. Rb1 O-O 11. O-O Qa5 12. Bd2 Ne8 13. Qc2 Nc7 14. Rfe1 Nb5
15. Nxb5 Qxb5 16. b3 Nb6 17. Nh4 Rfb8 18. Bc3 Bxc3 19. Qxc3 Bc8 20. a4 Nxa4 21.
Qe3 Ra7 22. f4 Nb6 23. f5 Qe8 24. Ra1 Rab7 25. f6 Qf8 26. fxe7 Rxe7 27. Qf4 Re5
28. Qd2 g5 29. Nf3 Rxd5 30. Qc3 g4 31. e4 gxf3 32. exd5 fxg2 33. Qf6 h6 34.
Rad1 Nd7 35. Qc3 Ne5 36. Kxg2 Bg4 37. Rb1 Bf3+ 38. Kf1 Bxd5 39. Red1 Be4 40.
Ra1 Qc8 0-1

[Event "5eme Open International de La Fere"]
[Site "La Fere (FRA)"]
[Date "2006.07.12"]
[Round "6.6"]
[White "Clery, Nicolas"]
[Black "Chetverik, Maxim"]
[Result "1-0"]
[WhiteElo "2278"]
[BlackElo "2302"]
[PlyCount "47"]
[EventDate "2006.07.12"]

1. d4 d5 2. c4 e5 3. dxe5 d4 4. Nf3 Nc6 5. a3 a5 6. Nbd2 Nge7 7. Nb3 Nf5 8. Bg5
Qd7 9. g4 h6 10. Bc1 a4 11. gxf5 axb3 12. Bh3 Ra5 13. Bd2 Rc5 14. Qxb3 Nxe5 15.
Nxe5 Rxe5 16. O-O-O b5 17. Bc3 bxc4 18. Qxc4 c5 19. e3 Be7 20. exd4 cxd4 21.
Rxd4 Qb7 22. Bg2 Qb8 23. Qc6+ Kf8 24. Rc4 1-0

[Event "5eme Open International de La Fere"]
[Site "La Fere (FRA)"]
[Date "2006.07.12"]
[Round "6.8"]
[White "Lebon, Joffrey"]
[Black "Cappon, John"]
[Result "0-1"]
[WhiteElo "1982"]
[BlackElo "2231"]
[PlyCount "48"]
[EventDate "2006.07.12"]

1. e4 c5 2. Nf3 e6 3. d4 cxd4 4. Nxd4 a6 5. Nc3 Qc7 6. Be3 Bb4 7. Qd2 Nf6 8.
Bd3 d5 9. e5 Qxe5 10. O-O Nbd7 11. a3 Bxc3 12. Qxc3 Ng4 13. Nf3 Qxc3 14. bxc3
Nxe3 15. fxe3 O-O 16. c4 dxc4 17. Bxc4 b5 18. Bb3 Bb7 19. Nd4 Nb6 20. Rad1 g6
21. Rf2 Bd5 22. Rfd2 Rac8 23. Kf2 Nc4 24. Rd3 Nb2 0-1

[Event "5eme Open International de La Fere"]
[Site "La Fere (FRA)"]
[Date "2006.07.12"]
[Round "6.9"]
[White "Olarasu, Gabriela"]
[Black "Demeestere, Laurent"]
[Result "1-0"]
[WhiteElo "2222"]
[BlackElo "1954"]
[PlyCount "87"]
[EventDate "2006.07.12"]

1. Nf3 Nf6 2. c4 g6 3. Nc3 d5 4. Qa4+ c6 5. cxd5 Nxd5 6. d4 Bg7 7. e4 Nb6 8.
Qd1 O-O 9. Be2 N8d7 10. Bg5 f6 11. Be3 e5 12. Qb3+ Kh8 13. Rd1 Qe7 14. O-O Re8
15. dxe5 Nxe5 16. Nxe5 fxe5 17. Bxb6 axb6 18. Qxb6 Be6 19. a3 Bf8 20. Nb1 Qc5
21. Qxc5 Bxc5 22. Rd2 Rf8 23. Bf3 Bd4 24. Rc1 Rfd8 25. Be2 Rd7 26. Bc4 Bxc4 27.
Rxc4 Rad8 28. Rcc2 Kg7 29. Kf1 Bb6 30. Ke2 Kf6 31. Rxd7 Rxd7 32. Rd2 Rxd2+ 33.
Nxd2 Bd4 34. b3 b5 35. a4 Ke6 36. Nf3 Bb6 37. axb5 cxb5 38. Ng5+ Kd6 39. Nxh7
Kc5 40. Nf8 Kb4 41. Nxg6 Bc7 42. h4 Bd8 43. Nxe5 Bxh4 44. Nf3 1-0

[Event "5eme Open International de La Fere"]
[Site "La Fere (FRA)"]
[Date "2006.07.12"]
[Round "6.10"]
[White "Feryn, Alexandre"]
[Black "Cozette, Michael"]
[Result "1/2-1/2"]
[WhiteElo "1877"]
[BlackElo "1997"]
[PlyCount "39"]
[EventDate "2006.07.12"]

1. e4 c5 2. Nf3 d6 3. d4 cxd4 4. Nxd4 Nf6 5. Nc3 a6 6. Bg5 e6 7. Be2 Be7 8. Qd2
Nbd7 9. O-O Qc7 10. Rad1 b5 11. a3 Bb7 12. f3 O-O 13. Rfe1 Nb6 14. Kh1 Rac8 15.
Qe3 Nc4 16. Bxc4 Qxc4 17. e5 dxe5 18. Qxe5 Rc5 19. Qe3 a5 20. Nb3 1/2-1/2

[Event "5eme Open International de La Fere"]
[Site "La Fere (FRA)"]
[Date "2006.07.12"]
[Round "6.11"]
[White "Mataigne, Jean-Michel"]
[Black "Zimmerman, Yuri"]
[Result "0-1"]
[WhiteElo "1963"]
[BlackElo "2374"]
[PlyCount "76"]
[EventDate "2006.07.12"]

1. e4 d6 2. d4 Nf6 3. Nc3 g6 4. g3 Bg7 5. Bg2 O-O 6. Nge2 e5 7. h3 Nc6 8. Be3
exd4 9. Nxd4 Bd7 10. O-O Re8 11. Re1 a6 12. a4 Qc8 13. Kh2 h5 14. Nxc6 Bxc6 15.
Bd4 h4 16. g4 Qe6 17. Qd3 Bh6 18. Kg1 Nd7 19. Be3 Ne5 20. Qe2 Bxe3 21. Qxe3 Nc4
22. Qd4 b5 23. f4 Nxb2 24. Nd5 Bxd5 25. exd5 Qxe1+ 26. Rxe1 Rxe1+ 27. Kf2 Rb1
28. Bf3 Re8 29. f5 Nc4 30. fxg6 fxg6 31. Qf6 Ne5 32. Kg2 Rf8 33. Qe6+ Kg7 34.
Be4 Re1 35. Bf5 Rf7 36. axb5 axb5 37. Qc8 Re2+ 38. Kf1 Rxc2 0-1

[Event "5eme Open International de La Fere"]
[Site "La Fere (FRA)"]
[Date "2006.07.12"]
[Round "6.13"]
[White "Ly, Anh-Dao"]
[Black "Menneveux, Jerome"]
[Result "1/2-1/2"]
[WhiteElo "2116"]
[BlackElo "1918"]
[PlyCount "114"]
[EventDate "2006.07.12"]

1. e4 e5 2. Bc4 Nc6 3. d3 Nf6 4. c3 d5 5. exd5 Nxd5 6. Nf3 Be7 7. Bb5 Bf6 8.
Bxc6+ bxc6 9. O-O O-O 10. Na3 Nb6 11. d4 exd4 12. Nxd4 Bb7 13. Nf3 Qe7 14. Re1
Rad8 15. Qc2 Qd6 16. Be3 Qd5 17. Bf4 Qh5 18. Bxc7 Rd7 19. Be5 c5 20. Bxf6 gxf6
21. Nd2 Bxg2 22. Re3 Ba8 23. Ne4 Kh8 24. Rg3 Rfd8 25. f3 Bxe4 26. Qxe4 Rd2 27.
h3 Qe5 28. Qxe5 fxe5 29. b4 cxb4 30. cxb4 Rd1+ 31. Rxd1 Rxd1+ 32. Kh2 Rd2+ 33.
Rg2 Rd3 34. Nb5 Rxf3 35. Nxa7 Ra3 36. Nb5 Rd3 37. Re2 f6 38. Rg2 Nd5 39. Nd6 h6
40. b5 Nf4 41. Nf7+ Kh7 42. Rb2 Rxh3+ 43. Kg1 Rg3+ 44. Kf1 Rf3+ 45. Rf2 Rxf2+
46. Kxf2 Nd5 47. a4 Kg7 48. Nd8 Kf8 49. Kf3 f5 50. Nc6 e4+ 51. Kf2 Ke8 52. Nd4
f4 53. Nf5 Kd7 54. Nxh6 Kc7 55. Nf5 Kb6 56. Nd6 Nc3 57. Nxe4 Nxe4+ 1/2-1/2

[Event "5eme Open International de La Fere"]
[Site "La Fere (FRA)"]
[Date "2006.07.11"]
[Round "6.14"]
[White "Waquet, Frederic"]
[Black "Mestdagh, Franck"]
[Result "1-0"]
[WhiteElo "2080"]
[BlackElo "1901"]
[PlyCount "51"]
[EventDate "2006.07.12"]

1. e4 c5 2. Nf3 e6 3. d3 d5 4. Nbd2 Nf6 5. g3 Nc6 6. Bg2 Be7 7. O-O Qc7 8. Re1
b6 9. c3 dxe4 10. dxe4 O-O 11. Qc2 Ba6 12. e5 Nd7 13. Nf1 Ndxe5 14. Nxe5 Nxe5
15. Bf4 Bd6 16. Bxe5 Bxe5 17. Bxa8 Rxa8 18. Qe4 Bb7 19. Qxe5 Qc6 20. f3 Qxf3
21. Re2 Rd8 22. Qe3 Qh1+ 23. Kf2 Rd5 24. Ke1 Ba6 25. Qe4 Qg1 26. Qxd5 1-0

[Event "5eme Open International de La Fere"]
[Site "La Fere (FRA)"]
[Date "2006.07.11"]
[Round "6.15"]
[White "Vandervorst, Marc"]
[Black "Delorme, Laurie"]
[Result "0-1"]
[WhiteElo "1932"]
[BlackElo "2068"]
[PlyCount "102"]
[EventDate "2006.07.12"]

1. e4 e5 2. Nf3 Nc6 3. Bc4 Nf6 4. d3 Be7 5. Nc3 d6 6. h3 O-O 7. O-O h6 8. Be3
Nh7 9. Qd2 Ng5 10. Nxg5 Bxg5 11. f4 exf4 12. Bxf4 Bf6 13. Rab1 Ne5 14. Bb3 Ng6
15. Nd5 Bg5 16. Bxg5 hxg5 17. Kh2 c6 18. Ne3 Nf4 19. g4 a5 20. c4 a4 21. Bc2 d5
22. cxd5 Qc7 23. d6 Qxd6 24. Nc4 Qh6 25. Rxf4 gxf4 26. Qg2 b5 27. Nd2 c5 28. g5
Qe6 29. b3 g6 30. Nf3 Kg7 31. bxa4 Rh8 32. Ng1 Qxa2 33. axb5 Rh5 34. Rf1 Qb2
35. Rxf4 Ra2 36. Rf2 Qe5+ 37. Qg3 Qxg3+ 38. Kxg3 Rxg5+ 39. Kh2 Rb2 40. Nf3 Rh5
41. h4 Be6 42. Kg3 Bb3 43. Bxb3 Rxb3 44. Ng5 Rxd3+ 45. Kg4 Rd7 46. Rc2 Re7 47.
Rxc5 f6 48. b6 fxg5 49. Rc7 Rxc7 50. bxc7 Rxh4+ 51. Kxg5 Rh8 0-1

[Event "5eme Open International de La Fere"]
[Site "La Fere (FRA)"]
[Date "2006.07.12"]
[Round "6.16"]
[White "Bosch, Joachim"]
[Black "Le Kouaghet, Euwen"]
[Result "1/2-1/2"]
[WhiteElo "2035"]
[BlackElo "1867"]
[PlyCount "68"]
[EventDate "2006.07.12"]

1. d4 c6 2. c4 d5 3. Nc3 Nf6 4. Nf3 e6 5. Bg5 Be7 6. e3 O-O 7. Qc2 Nbd7 8. Bd3
dxc4 9. Bxc4 Nd5 10. Bxe7 Qxe7 11. e4 Nxc3 12. bxc3 c5 13. O-O Nf6 14. a4 Bd7
15. Ne5 Rfc8 16. Qd3 cxd4 17. cxd4 Bc6 18. f3 Nd7 19. Nxc6 Rxc6 20. Bb5 Rc7 21.
Rfc1 Rac8 22. Qd2 Qd6 23. Rxc7 Rxc7 24. Bxd7 Qxd7 25. Qb4 h6 26. Rd1 Rc2 27. d5
exd5 28. Rxd5 Rc1+ 29. Kf2 Qc7 30. g3 Rc2+ 31. Rd2 Rxd2+ 32. Qxd2 a6 33. Qb4
Qc6 34. a5 f6 1/2-1/2

[Event "5eme Open International de La Fere"]
[Site "La Fere (FRA)"]
[Date "2006.07.12"]
[Round "6.17"]
[White "Trens, Yohan"]
[Black "Cuvelier, Julien"]
[Result "1-0"]
[WhiteElo "2021"]
[BlackElo "1850"]
[PlyCount "33"]
[EventDate "2006.07.12"]

1. d4 Nf6 2. Bg5 h6 3. Bxf6 exf6 4. e3 b6 5. Nf3 Bb7 6. Bd3 Be7 7. O-O O-O 8.
c4 d5 9. cxd5 Bxd5 10. Nc3 Bb7 11. Nh4 Re8 12. Qg4 Bf8 13. Nf5 g6 14. Bc4 g5
15. Qh5 Qd7 16. Qg6+ Kh8 17. Bxf7 1-0

[Event "5eme Open International de La Fere"]
[Site "La Fere (FRA)"]
[Date "2006.07.12"]
[Round "6.18"]
[White "Feryn, Benjamin"]
[Black "Deneuville, Ludovic"]
[Result "0-1"]
[WhiteElo "1887"]
[BlackElo "2009"]
[PlyCount "62"]
[EventDate "2006.07.12"]

1. e4 e5 2. Nc3 Nf6 3. Bc4 Nc6 4. d3 d6 5. Nge2 Be6 6. Bb5 a6 7. Ba4 d5 8. Ng3
Bb4 9. Bg5 h6 10. Bd2 O-O 11. O-O Bc5 12. Re1 Ng4 13. Rf1 Qh4 14. h3 Nxf2 15.
Rxf2 Qxg3 16. Qe2 Bxh3 17. Qf3 Qxf3 18. gxf3 Bxf2+ 19. Kxf2 dxe4 20. Nxe4 Bf5
21. Ng3 Bg6 22. Re1 f6 23. Rg1 Kh7 24. Ne4 b5 25. Bb3 Nd4 26. Bb4 Rfe8 27. Nc5
a5 28. Bc3 a4 29. Bd5 c6 30. Bxd4 cxd5 31. Be3 Rac8 0-1

[Event "5eme Open International de La Fere"]
[Site "La Fere (FRA)"]
[Date "2006.07.12"]
[Round "6.19"]
[White "Lonnoy, Remi"]
[Black "Hauet, Thomas"]
[Result "1-0"]
[WhiteElo "1985"]
[BlackElo "1830"]
[PlyCount "79"]
[EventDate "2006.07.12"]

1. d4 d5 2. c4 Bf5 3. Nc3 e6 4. cxd5 exd5 5. Qb3 Nc6 6. Nf3 Nb4 7. e4 dxe4 8.
Ng5 Nh6 9. Bc4 Qd7 10. O-O Bd6 11. Ngxe4 O-O-O 12. Nxd6+ Qxd6 13. Nb5 Qb6 14.
Bf4 Na6 15. Rac1 Rd7 16. a4 Kb8 17. Bd5 Be6 18. Bxe6 Qxe6 19. d5 Qxd5 20. Qxd5
Rxd5 21. Nxc7 Nxc7 22. Rxc7 Ka8 23. Rfc1 a6 24. Be3 Kb8 25. Bf4 Ka8 26. Bxh6
gxh6 27. Rxf7 Rd4 28. b3 Rd3 29. Rb1 Rc8 30. g3 Rcc3 31. b4 Rc2 32. Kg2 Rdd2
33. b5 a5 34. b6 Rd8 35. Rb5 Rc6 36. Rxa5+ Kb8 37. Rb5 Kc8 38. Rxb7 Rd4 39. a5
Ra4 40. Rd5 1-0

[Event "5eme Open International de La Fere"]
[Site "La Fere (FRA)"]
[Date "2006.07.12"]
[Round "6.20"]
[White "Achereiner, Guillaume"]
[Black "Holland, Christophe"]
[Result "1-0"]
[WhiteElo "1975"]
[BlackElo "1751"]
[PlyCount "89"]
[EventDate "2006.07.12"]

1. d4 d5 2. Nf3 Nf6 3. Bf4 c5 4. e3 Nc6 5. c3 Qb6 6. Qb3 c4 7. Qc2 Bf5 8. Qc1
e6 9. Nbd2 h6 10. b3 Qa5 11. a4 cxb3 12. Nxb3 Qb6 13. Nfd2 Rc8 14. a5 Qd8 15.
Nc5 Bxc5 16. dxc5 e5 17. Bg3 Nh5 18. Bb5 Nxg3 19. hxg3 O-O 20. a6 b6 21. e4
dxe4 22. cxb6 Qxb6 23. Nc4 Qxb5 24. Nd6 Nb4 25. Nxb5 Nd3+ 26. Ke2 Nxc1+ 27.
Rhxc1 Rc5 28. Nd6 Bg6 29. Nb7 Rc6 30. c4 Rfc8 31. c5 Kf8 32. Nd6 Rb8 33. Nb7
Rbc8 34. Ke3 Ke7 35. Rcb1 Ke8 36. Nd6+ Rxd6 37. cxd6 Rc3+ 38. Ke2 Rc2+ 39. Ke1
e3 40. fxe3 Rxg2 41. Rb8+ Kd7 42. Rb7+ Kd8 43. Rd1 Rxg3 44. Kf2 Rh3 45. d7 1-0

[Event "5eme Open International de La Fere"]
[Site "La Fere (FRA)"]
[Date "2006.07.12"]
[Round "6.21"]
[White "Lepot, Simon"]
[Black "Bessat, Remy"]
[Result "1/2-1/2"]
[WhiteElo "1880"]
[BlackElo "1974"]
[PlyCount "27"]
[EventDate "2006.07.12"]

1. e4 c6 2. d4 d5 3. Nc3 dxe4 4. Nxe4 Bf5 5. Ng3 Bg6 6. Nf3 Nd7 7. Bd3 Bxd3 8.
Qxd3 Ngf6 9. O-O Qc7 10. Re1 e6 11. Qe2 Bd6 12. Nf5 O-O 13. Nxd6 Qxd6 14. Bg5
1/2-1/2

[Event "5eme Open International de La Fere"]
[Site "La Fere (FRA)"]
[Date "2006.07.12"]
[Round "6.22"]
[White "Platel, Alexandre"]
[Black "Dagnicourt, Francis"]
[Result "1-0"]
[WhiteElo "2167"]
[BlackElo "1810"]
[PlyCount "61"]
[EventDate "2006.07.12"]

1. e4 Nf6 2. Nc3 d5 3. e5 d4 4. exf6 dxc3 5. fxg7 cxd2+ 6. Qxd2 Qxd2+ 7. Bxd2
Bxg7 8. O-O-O Nc6 9. Bb5 Bd7 10. Nf3 e5 11. Rhe1 f6 12. Be3 O-O-O 13. Kb1 a6
14. Bd3 Kb8 15. Nh4 Bg4 16. f3 Bc8 17. Be4 Rxd1+ 18. Rxd1 Nd4 19. Bxd4 exd4 20.
Bf5 c5 21. Re1 Bxf5 22. Nxf5 Rg8 23. g4 Bh8 24. h4 h5 25. gxh5 Ka7 26. a4 Rg2
27. Re8 Rf2 28. Rxh8 Rxf3 29. Ne7 f5 30. h6 Rh3 31. Nxf5 1-0

[Event "5eme Open International de La Fere"]
[Site "La Fere (FRA)"]
[Date "2006.07.12"]
[Round "6.24"]
[White "Iglesias, Joachim"]
[Black "Belafkih, Kimia"]
[Result "1-0"]
[WhiteElo "2127"]
[BlackElo "1450"]
[PlyCount "45"]
[EventDate "2006.07.12"]

1. d4 d5 2. Nf3 Nf6 3. e3 Nc6 4. c4 dxc4 5. Bxc4 Bg4 6. Qb3 Be6 7. Bxe6 fxe6 8.
Qxb7 Na5 9. Qa6 c6 10. Bd2 Qb6 11. Qxa5 Qxa5 12. Bxa5 Rb8 13. O-O Rxb2 14. Nc3
Rb8 15. Rab1 Rxb1 16. Rxb1 Nd5 17. Ne5 Nb6 18. Bxb6 axb6 19. Rxb6 Kd8 20. Rxc6
Rg8 21. Na4 g6 22. Nb6 Bg7 23. Rc8# 1-0

[Event "5eme Open International de La Fere"]
[Site "La Fere (FRA)"]
[Date "2006.07.12"]
[Round "6.25"]
[White "Flandre, Xavier"]
[Black "Marchal, Jeremy"]
[Result "0-1"]
[WhiteElo "1916"]
[BlackElo "2096"]
[PlyCount "114"]
[EventDate "2006.07.12"]

1. e4 c5 2. a3 e6 3. b4 cxb4 4. axb4 Nf6 5. e5 Nd5 6. Nf3 Qc7 7. Na3 Nc6 8. Nb5
Qb8 9. d4 a6 10. Na3 Bxb4+ 11. Bd2 Nc3 12. Qc1 Nxd4 13. Nxd4 Qxe5+ 14. Ne2 Nxe2
15. Bxe2 Bxd2+ 16. Kxd2 d5 17. Bf3 O-O 18. Qe1 Qd4+ 19. Ke2 Bd7 20. Qd2 Qc5 21.
h4 b5 22. c3 a5 23. Rh3 Rfc8 24. Rg3 b4 25. Nb1 Bb5+ 26. Ke1 Rab8 27. Qg5 g6
28. cxb4 Qxb4+ 29. Nd2 Qd4 30. Rb1 Bd3 31. Rd1 Bc2 32. Rc1 Qb2 33. Nf1 Qc3+ 34.
Qd2 Qe5+ 35. Qe3 Qf6 36. h5 Bf5 37. Rxc8+ Rxc8 38. Bd1 d4 39. Qf4 e5 40. Qd2
Qb6 41. hxg6 fxg6 42. Ra3 Rc5 43. Ng3 Be6 44. Ne4 Rb5 45. Rf3 Rb1 46. Nf6+ Kg7
47. Nh5+ Kg8 48. Nf6+ Kh8 49. g4 Bb3 50. Ne8 Qb7 51. Rf8+ Bg8 52. f3 Qb3 53.
Nf6 Rxd1+ 54. Qxd1 Qb4+ 55. Qd2 Qxf8 56. g5 Qc5 57. Nxg8 Kxg8 0-1

[Event "5eme Open International de La Fere"]
[Site "La Fere (FRA)"]
[Date "2006.07.12"]
[Round "6.26"]
[White "Guille, Nicolas"]
[Black "Thomas, Olivier"]
[Result "0-1"]
[WhiteElo "1660"]
[BlackElo "2126"]
[PlyCount "122"]
[EventDate "2006.07.12"]

1. e4 c5 2. Nf3 Nc6 3. Bb5 e6 4. O-O Nge7 5. d4 cxd4 6. Nxd4 a6 7. Bxc6 Nxc6 8.
Nxc6 bxc6 9. e5 f5 10. Nd2 a5 11. Nf3 Be7 12. Bf4 c5 13. Qd2 h6 14. Qc3 Bb7 15.
Nd2 g5 16. Be3 Qc7 17. Nc4 O-O 18. Nd6 Bxd6 19. exd6 Qxd6 20. Qxc5 Qxc5 21.
Bxc5 Rfc8 22. Bd4 Rxc2 23. Rac1 Rxc1 24. Rxc1 Bc6 25. Rc3 Rb8 26. Rc5 a4 27. f3
Kf7 28. Kf2 Ke7 29. Ke3 Kd6 30. Kd3 Rb5 31. Kc4 Rxc5+ 32. Bxc5+ Ke5 33. b4 d5+
34. Kd3 Bb5+ 35. Kc3 Kf4 36. Kd4 g4 37. Bd6+ Kg5 38. fxg4 Kxg4 39. Kc5 Bc4 40.
b5 f4 41. Kb4 Bf1 42. b6 Ba6 43. Kxa4 d4 44. Kb4 d3 45. Kc3 Kf5 46. g3 f3 47.
Bc5 Kg4 48. b7 Bxb7 49. Kxd3 Kh3 50. Ke3 Kxh2 51. Kf2 e5 52. Bd6 e4 53. Bf4 h5
54. g4+ Kh3 55. gxh5 Kg4 56. h6 Kxf4 57. h7 e3+ 58. Kf1 Ba6+ 59. Kg1 f2+ 60.
Kh2 f1=Q 61. h8=Q Qf2+ 0-1

[Event "5eme Open International de La Fere"]
[Site "La Fere (FRA)"]
[Date "2006.07.12"]
[Round "6.27"]
[White "Lonnoy, Simon"]
[Black "Manet, Eric"]
[Result "0-1"]
[WhiteElo "1640"]
[BlackElo "1999"]
[PlyCount "86"]
[EventDate "2006.07.12"]

1. e4 c5 2. Nf3 d6 3. Nc3 a6 4. d3 Nf6 5. h3 e6 6. Be2 Be7 7. O-O O-O 8. Re1 b5
9. a3 Bb7 10. Bd2 Nbd7 11. Bf1 Qc7 12. Bf4 e5 13. Bg5 Rac8 14. Rc1 h6 15. Bd2
Rfe8 16. Kh1 d5 17. exd5 Nxd5 18. Nxd5 Bxd5 19. Kg1 Bd6 20. Bc3 Qb6 21. Be2 Bb8
22. Qd2 Re6 23. Qd1 Qc7 24. g3 Qb7 25. Rf1 Rf6 26. Ne1 Nf8 27. Kh2 Ne6 28. Qd2
Re8 29. Rd1 Qc7 30. Bg4 Nd4 31. Ng2 Nf3+ 32. Bxf3 Bxf3 33. Rde1 Qc6 34. Ne3 h5
35. h4 Rg6 36. Nd1 Qd6 37. Rg1 Qf6 38. Ne3 Qe7 39. Nf1 Rg4 40. Kh3 Qb7 41. Kh2
e4 42. Rg2 Rxh4+ 43. Kg1 Rh1+ 0-1

[Event "5eme Open International de La Fere"]
[Site "La Fere (FRA)"]
[Date "2006.07.12"]
[Round "6.28"]
[White "Marchal, Chantal"]
[Black "Dubois, Vincent"]
[Result "1/2-1/2"]
[WhiteElo "1900"]
[BlackElo "1672"]
[PlyCount "71"]
[EventDate "2006.07.12"]

1. e4 c5 2. Nf3 Nc6 3. Bb5 e6 4. O-O Nge7 5. c3 a6 6. Bxc6 Nxc6 7. d4 cxd4 8.
cxd4 Bb4 9. Bd2 Bxd2 10. Qxd2 O-O 11. Nc3 d5 12. e5 Ne7 13. Na4 Bd7 14. Nc5 Bc6
15. Rfc1 b6 16. Nd3 Rc8 17. a4 a5 18. Rc3 Qd7 19. b3 Bb7 20. Rac1 Ba6 21. Kf1
Rxc3 22. Rxc3 Rc8 23. Ke2 Rxc3 24. Qxc3 Qc6 25. Kd2 Qxc3+ 26. Kxc3 Bxd3 27.
Kxd3 Nc6 28. Ne1 Kf8 29. Kc3 Nb4 30. Nc2 Nxc2 31. Kxc2 g5 32. b4 Kg7 33. bxa5
bxa5 34. Kd3 Kg6 35. Ke3 Kf5 36. Kf3 1/2-1/2

[Event "5eme Open International de La Fere"]
[Site "La Fere (FRA)"]
[Date "2006.07.12"]
[Round "6.30"]
[White "Lombard, Christophe"]
[Black "Vinckier, Delphine"]
[Result "1-0"]
[WhiteElo "1880"]
[BlackElo "1590"]
[PlyCount "55"]
[EventDate "2006.07.12"]

1. e4 e6 2. d4 d5 3. e5 c5 4. c3 Nc6 5. Nf3 f6 6. dxc5 Nxe5 7. Nxe5 fxe5 8.
Qh5+ g6 9. Qxe5 Qf6 10. Bb5+ Bd7 11. Bxd7+ Kxd7 12. Qxf6 Nxf6 13. Be3 Rc8 14.
Bd4 Bg7 15. Nd2 Rhg8 16. f3 Ne8 17. Bxg7 Nxg7 18. Nb3 a6 19. Rd1 Kc7 20. Kf2
Kb8 21. Rhe1 Rge8 22. Re2 Ka7 23. Rde1 g5 24. Nd4 Rxc5 25. Nxe6 Nxe6 26. Rxe6
Rxe6 27. Rxe6 a5 28. Ke3 1-0

[Event "5eme Open International de La Fere"]
[Site "La Fere (FRA)"]
[Date "2006.07.12"]
[Round "6.31"]
[White "Delmotte, Eric"]
[Black "Oprandi, William"]
[Result "1/2-1/2"]
[WhiteElo "1861"]
[BlackElo "1580"]
[PlyCount "150"]
[EventDate "2006.07.12"]

1. d4 Nf6 2. c4 e6 3. Nf3 d5 4. e3 c5 5. dxc5 Bxc5 6. cxd5 Qxd5 7. Qxd5 Nxd5 8.
Bc4 Nb6 9. Bb3 O-O 10. Nc3 a6 11. Bd2 Nc6 12. a3 Na5 13. Ba2 Nac4 14. Bc1 Bd7
15. b4 Be7 16. Bxc4 Nxc4 17. Ra2 a5 18. b5 a4 19. O-O Nd6 20. Rd2 Rfd8 21. Rfd1
Be8 22. Nd4 e5 23. Nf3 Nxb5 24. Rxd8 Rxd8 25. Rxd8 Bxd8 26. Nxb5 Bxb5 27. Nxe5
f6 28. Nf3 Be7 29. Nd4 Bd7 30. Kf1 b5 31. Ke2 b4 32. axb4 Bxb4 33. Kd3 Bd6 34.
h3 Kf7 35. Bb2 Kg6 36. Kc4 Be8 37. Kd5 Be5 38. f4 Bf7+ 39. Ke4 Bd6 40. g4 h5
41. Nf5 a3 42. Ba1 Bb4 43. Nh4+ Kh7 44. Nf3 hxg4 45. hxg4 Be8 46. Nd4 Bd2 47.
Nb3 Bb4 48. Kd3 Bd7 49. g5 fxg5 50. fxg5 Kg6 51. Nd4 Kxg5 52. Nf3+ Kh6 53. Ne5
Bb5+ 54. Kc2 g5 55. Kb3 Bc5 56. Bd4 Bxd4 57. exd4 Kh5 58. d5 Be8 59. d6 Kh4 60.
Ng6+ Kg4 61. Ne5+ Kf5 62. Nf3 g4 63. Ng1 g3 64. Kxa3 Kg4 65. Kb4 g2 66. Kc5 Kg3
67. Kb6 Kf2 68. Nh3+ Kg3 69. Ng1 Bd7 70. Kc7 Bf5 71. d7 Bxd7 72. Kxd7 Kf2 73.
Nh3+ Kf1 74. Kd6 g1=Q 75. Nxg1 Kxg1 1/2-1/2

[Event "5eme Open International de La Fere"]
[Site "La Fere (FRA)"]
[Date "2006.07.12"]
[Round "6.32"]
[White "Fauchart, Francois"]
[Black "Godart, Michel"]
[Result "0-1"]
[WhiteElo "1560"]
[BlackElo "1857"]
[PlyCount "90"]
[EventDate "2006.07.12"]

1. e4 c6 2. Nc3 d5 3. exd5 cxd5 4. d4 Nc6 5. Be3 Bf5 6. a3 Nf6 7. f3 e6 8. b4
Rc8 9. Rb1 Nxb4 10. axb4 Rxc3 11. Bd3 Bxd3 12. cxd3 Qd7 13. Ne2 Rc8 14. O-O Bd6
15. f4 O-O 16. Ng3 Rc7 17. Nh1 h5 18. h3 g6 19. g4 hxg4 20. hxg4 Kg7 21. Ng3
Rh8 22. Kg2 Rcc8 23. Rh1 Rxh1 24. Nxh1 Rh8 25. Ng3 Rh4 26. g5 Ng8 27. Qf3 Ne7
28. Rh1 Rxh1 29. Nxh1 Bxb4 30. Qh3 Nf5 31. Kf3 a5 32. Nf2 a4 33. Ng4 Be7 34.
Nf6 Bxf6 35. gxf6+ Kxf6 36. Qh8+ Ke7 37. Bc1 Qd6 38. Qa8 Qb4 39. Qa7 Nxd4+ 40.
Kg4 Nf5 41. Kg5 Nd6 42. Qb8 Kd7 43. Kh6 Qc3 44. Be3 Qf6 45. Bb6 Nf5+ 0-1

[Event "5eme Open International de La Fere"]
[Site "La Fere (FRA)"]
[Date "2006.07.12"]
[Round "6.33"]
[White "Gobeaut, Claudine"]
[Black "Wallart, Francois"]
[Result "0-1"]
[WhiteElo "1537"]
[BlackElo "1848"]
[PlyCount "46"]
[EventDate "2006.07.12"]

1. d4 c6 2. Nf3 d5 3. c3 Bf5 4. Nbd2 Nf6 5. Ne5 Nbd7 6. e3 Nxe5 7. dxe5 Ne4 8.
Be2 e6 9. Nf3 Be7 10. O-O h5 11. Nd4 Bg6 12. f3 Nc5 13. b4 Nd7 14. f4 Bf5 15.
Nxf5 exf5 16. e6 fxe6 17. Bxh5+ Kf8 18. Kh1 Nf6 19. Bf3 Qe8 20. Rg1 Qg6 21. Qe2
Qg3 22. h3 Ng4 23. Bxg4 fxg4 0-1

[Event "5eme Open International de La Fere"]
[Site "La Fere (FRA)"]
[Date "2006.07.12"]
[Round "6.34"]
[White "Wolfangel, Claude"]
[Black "Manet, Anthony"]
[Result "1/2-1/2"]
[WhiteElo "1843"]
[BlackElo "1530"]
[PlyCount "67"]
[EventDate "2006.07.12"]

1. d4 Nf6 2. c4 g6 3. Nc3 Bg7 4. e4 d6 5. Nf3 O-O 6. Be2 Nbd7 7. O-O e5 8. dxe5
dxe5 9. Qc2 c6 10. Rd1 Qc7 11. b4 Re8 12. c5 Nf8 13. h3 Re7 14. Bb2 Ne8 15. Nd2
Ne6 16. Nf3 Bd7 17. Nb1 Rd8 18. Na3 f6 19. Nc4 Bc8 20. Rxd8 Qxd8 21. Qb3 Kf8
22. Rd1 Rd7 23. Nd6 Nxd6 24. Qxe6 Nxe4 25. Rxd7 Qxd7 26. Qc4 Qd5 27. Qc2 Be6
28. Bd3 f5 29. a3 Nxf2 30. Kxf2 e4 31. Ng5 exd3 32. Bxg7+ Kxg7 33. Nxe6+ Qxe6
34. Qxd3 1/2-1/2